000
00297nam a22001217a 4500
999
_c
154002
_d
154002
082
_a
_b
100
_a
Indu Shekhar
245
_a
Sanskrit drama:
_b
its orgin and decline/
_c
by Indu Shekhar.
260
_a
New Delhi:
_b
Munshiram Manoharlal,
_c
1977.
300
_a
214p.
650
_a
942
_c
BK